[Event "4th HD Bank Cup 2014"]
[Site "Ho Chi Minh City VIE"]
[Date "2014.03.11"]
[Round "3.11"]
[White "Nguyen, Van Huy"]
[Black "Fang, Yan"]
[Result "1-0"]
[WhiteTitle "IM"]
[WhiteElo "2414"]
[BlackElo "2307"]
[WhiteFideId "12401064"]
[BlackFideId "8604746"]
[EventDate "2014.03.10"]

1. d4 Nf6 2. Nf3 c5 3. d5 d6 4. Nc3 g6 5. e4 Bg7 6. Bb5+ Bd7 7. a4 O-O 8. O-O
Na6 9. e5 Ne8 10. exd6 exd6 11. Bg5 f6 12. Be3 Nac7 13. Bxd7 Qxd7 14. Qd2 f5 15.
Bh6 Nf6 16. Bxg7 Kxg7 17. Qd3 Rfe8 18. Nd2 Re7 19. Nc4 Ng4 20. Nb5 Ne5 21. Nxe5
Rxe5 22. c4 a6 23. Nxc7 Qxc7 24. Qc3 Kg8 25. Rfe1 Rae8 26. Rxe5 Rxe5 27. Re1
Rxe1+ 28. Qxe1 Qd7 29. b4 Qxa4 30. bxc5 Qxc4 31. cxd6 Qxd5 32. Qe8+ Kg7 33. Qe7+
Qf7 34. Qc7 1-0

[Event "4th HD Bank Cup 2014"]
[Site "Ho Chi Minh City VIE"]
[Date "2014.03.11"]
[Round "3.12"]
[White "Dimakiling, Oliver"]
[Black "Vo, Thi Kim Phung"]
[Result "1-0"]
[WhiteTitle "IM"]
[BlackTitle "WIM"]
[WhiteElo "2364"]
[BlackElo "2197"]
[WhiteFideId "5202248"]
[BlackFideId "12401838"]
[EventDate "2014.03.10"]

1. c4 Nf6 2. Nc3 c6 3. d4 d5 4. cxd5 cxd5 5. Bf4 Nc6 6. e3 a6 7. Bd3 e6 8. Nf3
Be7 9. h3 O-O 10. Rc1 Bd7 11. O-O b5 12. Ne5 Na5 13. b3 Ra7 14. Qe2 Be8 15. Rfd1
Qb6 16. g4 b4 17. Na4 Bxa4 18. bxa4 Bd6 19. Qc2 Rc7 20. Qb1 h6 21. Rxc7 Bxc7 22.
Rc1 Bd6 23. Qc2 g5 24. Bg3 Kg7 25. Kg2 Rh8 26. f4 Bxe5 27. fxe5 Nd7 28. h4 Qb7
29. Qc7 Qxc7 30. Rxc7 Nb6 31. Be1 Na8 32. Ra7 Rb8 33. Bxa6 Nc4 34. Kf3 gxh4 35.
Bxh4 Nab6 36. Bb5 Nd2+ 37. Kf4 Nbc4 38. Be7 b3 39. axb3 Nxb3 40. Rc7 Nbd2 41. e4
Nb6 42. Bd6 Nxe4 43. Rxf7+ Kxf7 44. Bxb8 Nc3 45. a5 Nc4 46. Bxc4 dxc4 47. Ke3
Nd5+ 48. Kd2 Kg6 49. a6 Kg5 50. a7 Nb6 51. Bc7 Na8 52. Bd8+ Kf4 53. Kc3 1-0

[Event "4th HD Bank Cup 2014"]
[Site "Ho Chi Minh City VIE"]
[Date "2014.03.11"]
[Round "3.13"]
[White "Tu, Hoang Thong"]
[Black "Tin, Jingyao"]
[Result "1-0"]
[WhiteTitle "GM"]
[BlackTitle "FM"]
[WhiteElo "2434"]
[BlackElo "2225"]
[WhiteFideId "12400076"]
[BlackFideId "5804418"]
[EventDate "2014.03.10"]

1. e4 e5 2. Nf3 Nc6 3. Nc3 Nf6 4. g3 Bc5 5. Bg2 d6 6. O-O a6 7. d3 Bg4 8. h3
Bxf3 9. Bxf3 h6 10. Bg2 Qd7 11. a3 g5 12. Rb1 Nd4 13. Kh2 Rg8 14. b4 Ba7 15. a4
c6 16. Ne2 h5 17. Nxd4 Bxd4 18. Be3 g4 19. h4 c5 20. Qd2 Rg6 21. bxc5 dxc5 22.
c3 Bxe3 23. fxe3 O-O-O 24. Qb2 Qc7 25. d4 Ne8 26. Rf5 cxd4 27. cxd4 Rc6 28. Rxe5
Kb8 29. Rc5 Rxc5 30. dxc5 Rd3 31. Qh8 Qc6 32. Rb6 Qxc5 33. Qxe8+ Ka7 34. Rb1
Qxe3 35. Qxf7 Qxg3+ 36. Kg1 Qe3+ 37. Kh1 1-0

[Event "4th HD Bank Cup 2014"]
[Site "Ho Chi Minh City VIE"]
[Date "2014.03.11"]
[Round "3.15"]
[White "Dao, Thien Hai"]
[Black "Borsos, Bogdan"]
[Result "1-0"]
[WhiteTitle "GM"]
[BlackTitle "IM"]
[WhiteElo "2508"]
[BlackElo "2271"]
[WhiteFideId "12400084"]
[BlackFideId "14100568"]
[EventDate "2014.03.10"]

1. d4 Nf6 2. c4 e6 3. Nc3 Bb4 4. Qc2 c5 5. dxc5 O-O 6. Nf3 Bxc5 7. Bg5 Be7 8. e4
h6 9. Bh4 Nc6 10. Rd1 Nh5 11. Bxe7 Qxe7 12. Be2 Nf4 13. O-O b6 14. Rfe1 Nxe2+
15. Rxe2 Bb7 16. Nb5 Rad8 17. Nd6 Ba8 18. Qc3 Qf6 19. Qxf6 gxf6 20. Red2 Ne7 21.
Nd4 Nc8 22. N4b5 Nxd6 23. Nxd6 Bc6 24. b4 Ba4 25. Rc1 a6 26. Rc3 Ra8 27. Rg3+
Kh7 28. h3 Rg8 29. Ra3 Bc6 30. Rf3 f5 31. b5 axb5 32. cxb5 Bxe4 33. Nxe4 fxe4
34. Rxf7+ Rg7 35. Rdxd7 Rxf7 36. Rxf7+ Kg6 37. Rb7 Rxa2 38. Rxb6 Kf5 39. Rb8
Ra1+ 40. Kh2 Ra2 41. b6 Ke5 42. b7 Rb2 43. Kg3 Rb3+ 44. Kh4 Rb5 45. g3 h5 46.
Kxh5 Kd6+ 47. Kg4 1-0

[Event "4th HD Bank Cup 2014"]
[Site "Ho Chi Minh City VIE"]
[Date "2014.03.11"]
[Round "3.16"]
[White "Tran, Quoc Dung"]
[Black "Shyam, Nikil P."]
[Result "0-1"]
[BlackTitle "IM"]
[WhiteElo "2270"]
[BlackElo "2431"]
[WhiteFideId "12400645"]
[BlackFideId "5024218"]
[EventDate "2014.03.10"]

1. d4 Nf6 2. c4 e6 3. Nf3 d5 4. Nc3 Bb4 5. Qa4+ Nc6 6. a3 Be7 7. e3 O-O 8. Qc2
Re8 9. b4 a6 10. Bb2 Bd6 11. Rd1 dxc4 12. Bxc4 Qe7 13. Ng5 h6 14. h4 Bd7 15.
Nge4 Nxe4 16. Nxe4 e5 17. d5 Nb8 18. Ba2 Bf5 19. Bb1 Nd7 20. Qc3 Bxe4 21. Bxe4
Nf6 22. Bb1 e4 23. Ba2 Rad8 24. O-O Qd7 25. Qc2 Ng4 26. Rd4 Nh2 27. Rxe4 Nxf1
28. Kxf1 Rxe4 29. Qxe4 Re8 30. Qd3 h5 31. Bb1 Qb5 32. Ke2 Qxd3+ 33. Kxd3 f5 34.
Kc4 g6 35. a4 Kf7 36. g3 Ke7 37. e4 fxe4 38. Bxe4 Kf7 39. Bd3 Re1 40. Bc3 Re8
41. Bd2 Be5 42. Bf1 Bd6 43. Kd3 Re5 44. Bg2 b5 45. axb5 axb5 46. Bc3 Re8 47. Bh3
Ke7 48. Ke4 Ra8 49. Bf1 Ra2 50. Bd4 Ra4 51. Bc3 Ra3 52. Bd2 Ra2 53. Bg5+ Kf7 54.
Bxb5 Rxf2 55. Bd7 Bxb4 56. Be6+ Ke8 57. g4 Be7 58. Bf4 Bd6 59. Bg5 Rh2 60. gxh5
gxh5 61. Kf5 Bg3 62. Kg6 Bxh4 63. Bf4 Bg3 64. Bf7+ Kd7 65. Be6+ Ke7 66. Bg5+ Kd6
67. Bh6 Kc5 68. Kg5 Bd6 69. Bf7 Rf2 70. Kg6 Rxf7 0-1

[Event "4th HD Bank Cup 2014"]
[Site "Ho Chi Minh City VIE"]
[Date "2014.03.11"]
[Round "3.17"]
[White "Ivana Maria, Furtado"]
[Black "Prasanna Raghuram Rao"]
[Result "0-1"]
[WhiteTitle "WIM"]
[BlackTitle "IM"]
[WhiteElo "2177"]
[BlackElo "2410"]
[WhiteFideId "5048400"]
[BlackFideId "5022401"]
[EventDate "2014.03.10"]

1. d4 Nf6 2. c4 e6 3. Nc3 Bb4 4. Qc2 d5 5. a3 Bxc3+ 6. Qxc3 Ne4 7. Qc2 c5 8.
dxc5 Nc6 9. e3 Qa5+ 10. Bd2 Qxc5 11. b4 Qe7 12. Bc1 Ne5 13. Bb2 Ng4 14. Nh3 Qh4
15. Qe2 Ngf6 16. g3 Qh6 17. f3 Nd6 18. c5 Nc4 19. Bc1 Nd7 20. Kf2 a5 21. Ra2 e5
22. Bg2 Qa6 23. Rc2 b5 24. cxb6 axb4 25. axb4 Qxb6 26. Rd1 Nf6 27. Rxd5 Nxd5 28.
Qxc4 Ne7 29. Ng5 O-O 30. Nxh7 Be6 31. Qh4 Ng6 32. Qh5 Rfc8 33. Re2 Rxc1 34. f4
Ra2 0-1

[Event "4th HD Bank Cup 2014"]
[Site "Ho Chi Minh City VIE"]
[Date "2014.03.11"]
[Round "3.18"]
[White "Wynn Zaw Htun"]
[Black "Tran, Ngoc Lan"]
[Result "1/2-1/2"]
[WhiteTitle "IM"]
[WhiteElo "2408"]
[BlackElo "2244"]
[WhiteFideId "13002783"]
[BlackFideId "12401811"]
[EventDate "2014.03.10"]

1. Nf3 d5 2. g3 c6 3. Bg2 Bf5 4. d3 e6 5. O-O Nf6 6. Nbd2 h6 7. Qe1 Nbd7 8. e4
dxe4 9. dxe4 Bg6 10. Qe2 Qc7 11. Re1 e5 12. b3 Bc5 13. Bb2 O-O 14. Nh4 Bh7 15.
a4 Rfe8 16. Nf5 Rad8 17. Nc4 Nb6 18. Nce3 Nc8 19. Red1 Ne7 20. Qf3 Bd4 21. c3
Bxe3 22. Nxe7+ Rxe7 23. Qxe3 Red7 24. Rxd7 Qxd7 25. f3 Qd2 26. Qxd2 Rxd2 27. Ba3
g5 28. g4 Ne8 29. Bf1 Kg7 30. Bc5 a6 31. Be3 Rc2 32. Rc1 Rxc1 33. Bxc1 f6 34. a5
Bg8 35. b4 h5 36. gxh5 Be6 37. Kf2 Kh6 38. h4 Kxh5 39. hxg5 fxg5 40. Kg3 Nd6 41.
Be3 Ne8 42. Bc5 Kg6 43. Be7 Ng7 44. Kf2 Nh5 1/2-1/2

[Event "4th HD Bank Cup 2014"]
[Site "Ho Chi Minh City VIE"]
[Date "2014.03.11"]
[Round "3.19"]
[White "Tran, Tuan Minh"]
[Black "Pham, Duc Thang"]
[Result "0-1"]
[WhiteTitle "FM"]
[BlackTitle "FM"]
[WhiteElo "2353"]
[BlackElo "2201"]
[WhiteFideId "12401820"]
[BlackFideId "12401420"]
[EventDate "2014.03.10"]

1. d4 d5 2. c4 c6 3. Nc3 Nf6 4. e3 a6 5. a4 g6 6. Nf3 Bg7 7. a5 O-O 8. Bd3 c5 9.
dxc5 dxc4 10. Bxc4 Qc7 11. b4 Nc6 12. Qb3 Bg4 13. Bb2 Bxf3 14. gxf3 Rad8 15. Rd1
e6 16. O-O Ne5 17. Be2 g5 18. Rxd8 Rxd8 19. Rd1 Rf8 20. Rd4 Ng6 21. Ne4 Nxe4 22.
Rxe4 e5 23. Rc4 Nh4 24. Rg4 Qd8 25. Kf1 h5 26. Rg3 Ng6 27. Bd3 Kh8 28. Ke2 f5
29. Rg1 Qe7 30. Qc4 g4 31. fxg4 hxg4 32. Bc2 Nf4+ 33. exf4 exf4+ 34. Kd2 Bxb2
35. Qxf4 Qf6 36. Ke2 Be5 37. Qc4 Qc6 38. Qd3 Bxh2 39. Rxg4 Re8+ 40. Kd2 Qh6+ 41.
f4 fxg4 0-1

[Event "4th HD Bank Cup 2014"]
[Site "Ho Chi Minh City VIE"]
[Date "2014.03.11"]
[Round "3.20"]
[White "Hoang, Thi Nhu Y"]
[Black "Emojong, Elijah"]
[Result "0-1"]
[WhiteTitle "WIM"]
[BlackTitle "IM"]
[WhiteElo "2210"]
[BlackElo "2350"]
[WhiteFideId "12401455"]
[BlackFideId "10000402"]
[EventDate "2014.03.10"]

1. d4 d5 2. Nf3 Nf6 3. g3 e6 4. Bg2 b5 5. O-O Nbd7 6. a4 b4 7. c4 bxc3 8. Nxc3
c5 9. dxc5 Bxc5 10. Bf4 O-O 11. Ne5 Ba6 12. Nd3 Be7 13. Nb5 h6 14. b4 Bxb5 15.
axb5 Nb6 16. Ra6 Qd7 17. Qa1 Qxb5 18. Rxa7 Ne4 19. Ra5 Rxa5 20. Qxa5 Qxa5 21.
bxa5 Nc4 22. a6 Ra8 23. Rc1 f5 24. Ra1 Na3 25. Be3 Nc2 26. Ra2 Nxe3 27. fxe3 Bc5
28. Bxe4 Bxe3+ 29. Kg2 fxe4 30. Nb4 Kf7 31. Nc6 Ke8 32. a7 Kd7 33. Ra6 Kc7 34.
Nb4 Bb6 0-1

[Event "4th HD Bank Cup 2014"]
[Site "Ho Chi Minh City VIE"]
[Date "2014.03.11"]
[Round "3.21"]
[White "Pham, Le Thao Nguyen"]
[Black "Pham, Bich Ngoc"]
[Result "1-0"]
[WhiteTitle "IM"]
[BlackTitle "WIM"]
[WhiteElo "2349"]
[BlackElo "2186"]
[WhiteFideId "12401226"]
[BlackFideId "12401285"]
[EventDate "2014.03.10"]

1. d4 Nf6 2. Nf3 c5 3. e3 e6 4. Bd3 b6 5. b3 Bb7 6. Bb2 d6 7. Nbd2 Be7 8. O-O
O-O 9. c4 Nbd7 10. Rc1 Re8 11. Qc2 Bf8 12. Rfd1 e5 13. dxe5 dxe5 14. Ne4 Qc7 15.
Nfd2 Qc6 16. f3 g6 17. Nf1 Rac8 18. Rd2 Nxe4 19. Bxe4 Qc7 20. Rcd1 Bxe4 21. Qxe4
Re7 22. Qh4 Rce8 23. Ng3 f5 24. Ne2 Bg7 25. Nc3 Rf7 26. Nb5 Qc6 27. Nd6 Bf6 28.
Qf2 Ref8 29. Nxf7 Rxf7 30. Rd6 Qc7 31. Qd2 Nf8 32. Qd5 Qe7 33. f4 1-0

[Event "4th HD Bank Cup 2014"]
[Site "Ho Chi Minh City VIE"]
[Date "2014.03.11"]
[Round "3.22"]
[White "Pham, Thi Thu Hien"]
[Black "Duong, The Anh"]
[Result "0-1"]
[BlackTitle "IM"]
[WhiteElo "2158"]
[BlackElo "2335"]
[WhiteFideId "12402575"]
[BlackFideId "12401277"]
[EventDate "2014.03.10"]

1. e4 c5 2. Nf3 d6 3. d4 cxd4 4. Nxd4 Nf6 5. Nc3 a6 6. Bg5 e6 7. f4 Qb6 8. Nb3
Nc6 9. Qf3 Bd7 10. O-O-O Be7 11. Be2 Qc7 12. Qg3 h6 13. Bh4 O-O-O 14. Qe3 Ng4
15. Bxg4 Bxh4 16. Kb1 Kb8 17. a3 Be7 18. g3 h5 19. Bf3 h4 20. g4 g5 21. f5 Bf6
22. Be2 Rhg8 23. Rhf1 Be5 24. h3 Na5 25. Nd4 Nc4 26. Bxc4 Qxc4 27. Qd3 Rc8 28.
Nce2 Qc5 29. c3 Rge8 30. fxe6 fxe6 31. Rf7 Rc7 32. Rdf1 d5 33. exd5 Qxd5 34. Qe3
Bd6 35. Nc2 Bb5 36. Rxc7 Bxc7 37. Re1 e5 38. Nb4 Qd6 39. Nc1 Qg6+ 40. Ka1 Bb6
41. Qd2 Rd8 42. Qh2 Bc7 43. Qf2 e4 44. Qf5 Qxf5 45. gxf5 Bg3 46. Rxe4 Rd1 47.
Kb1 Bf4 48. f6 Rxc1+ 49. Ka2 Bd6 50. Rg4 Rf1 51. c4 Bd7 52. Rxg5 Rxf6 53. Rh5
Bxb4 54. axb4 Rf4 0-1

[Event "4th HD Bank Cup 2014"]
[Site "Ho Chi Minh City VIE"]
[Date "2014.03.11"]
[Round "3.23"]
[White "Muminova, Nafisa"]
[Black "Tong, Thai Hung"]
[Result "1/2-1/2"]
[WhiteTitle "WGM"]
[WhiteElo "2322"]
[BlackElo "2151"]
[WhiteFideId "14201526"]
[BlackFideId "12403555"]
[EventDate "2014.03.10"]

1. e4 c5 2. Nf3 d6 3. d4 cxd4 4. Nxd4 Nf6 5. Nc3 a6 6. Bc4 e6 7. Bb3 b5 8. O-O
Be7 9. Qf3 Qb6 10. Be3 Qb7 11. a3 O-O 12. Rfe1 Bd7 13. Qg3 Kh8 14. Nf3 Nc6 15.
Bg5 Rac8 16. Rad1 Rc7 17. Nd5 exd5 18. exd5 Nh5 19. Qh4 Bxg5 20. Nxg5 Na5 21.
Qxh5 Bf5 22. Rd4 Bg6 23. Qf3 h6 24. Nh3 Bxc2 25. Bxc2 Rxc2 26. Nf4 Qc8 27. Nh5
Rc1 28. Re4 Rxe1+ 29. Rxe1 Qc2 30. Nf4 Kg8 31. Nd3 Nc4 32. h3 Nxb2 33. Nb4 Qd2
34. Re2 Qc1+ 35. Kh2 Nc4 36. Nc6 Qg5 37. g3 Kh8 38. Qd3 Nb6 39. Ne7 Nd7 40. f4
Qf6 41. Qe3 Nc5 42. g4 Nd7 43. Rf2 Ne5 44. fxe5 Qxe7 45. e6 fxe6 46. Rxf8+ Qxf8
47. dxe6 Qe7 48. Qe4 Kg8 49. Kg3 d5 50. Qxd5 Qxa3+ 51. Kg2 Qb2+ 52. Kg3 Qc3+ 53.
Kg2 Qb2+ 1/2-1/2

[Event "4th HD Bank Cup 2014"]
[Site "Ho Chi Minh City VIE"]
[Date "2014.03.11"]
[Round "3.24"]
[White "Tran, Minh Thang"]
[Black "Hoang, Canh Huan"]
[Result "0-1"]
[BlackTitle "FM"]
[WhiteElo "2071"]
[BlackElo "2321"]
[WhiteFideId "12401080"]
[BlackFideId "12400599"]
[EventDate "2014.03.10"]

1. d4 g6 2. Nf3 Bg7 3. e4 d6 4. Nc3 a6 5. a4 Nd7 6. Bc4 e6 7. Bg5 Ne7 8. Qd2 h6
9. Be3 b6 10. O-O Bb7 11. Rad1 Nf6 12. Bd3 d5 13. exd5 Nfxd5 14. Be4 Nxc3 15.
Bxb7 Nxd1 16. Rxd1 Ra7 17. Be4 c6 18. a5 Rd7 19. Qb4 bxa5 20. Qc5 O-O 21. Ra1
Rb7 22. c4 Qb6 23. Qxb6 Rxb6 24. d5 Rxb2 25. d6 Nf5 26. Bxf5 gxf5 27. g3 Rb4 28.
Rxa5 Rxc4 29. Bb6 Rc1+ 30. Kg2 Rd1 31. Rxa6 Rc8 32. Bc7 c5 33. Rc6 c4 34. Ne1 c3
35. Nc2 Rxd6 0-1

[Event "4th HD Bank Cup 2014"]
[Site "Ho Chi Minh City VIE"]
[Date "2014.03.11"]
[Round "3.25"]
[White "Ngo, Kim Cuong"]
[Black "Yeoh, Li Tian"]
[Result "0-1"]
[WhiteElo "1995"]
[BlackElo "2320"]
[WhiteFideId "12400890"]
[BlackFideId "5702895"]
[EventDate "2014.03.10"]

1. d4 d5 2. Nf3 Nf6 3. e3 e6 4. Bd3 c5 5. b3 Nc6 6. O-O Be7 7. dxc5 Bxc5 8. Bb2
O-O 9. Nbd2 Bd7 10. a3 Qe7 11. b4 Bd6 12. c4 Rac8 13. Rc1 Rfd8 14. Qe2 a6 15. e4
dxe4 16. Nxe4 Nxe4 17. Bxe4 Be8 18. Bb1 f6 19. Rfe1 e5 20. Nh4 g6 21. c5 Bb8 22.
Nf3 Bf7 23. h4 Qe6 24. Be4 Re8 25. Rcd1 Qg4 26. Bd5 Bxd5 27. Rxd5 a5 28. Bc3
axb4 29. axb4 Ne7 30. Rdd1 b6 31. Qb5 bxc5 32. bxc5 Kf8 33. Qb4 h5 34. Re4 Qf5
35. Rc4 Nc6 36. Qb1 e4 37. Nd2 Rcd8 38. Nf1 Rxd1 39. Qxd1 Qe6 40. Qe2 f5 41. Bb2
Qd5 42. Rc1 f4 43. Rd1 Qf7 44. Qc2 Qe7 45. Re1 Qe6 46. Nd2 e3 47. fxe3 Qg4 48.
e4 Qxh4 49. Nf3 Qe7 50. e5 Kg7 51. Kf1 Qb7 52. Ba1 Ba7 53. e6+ Kh6 54. Kg1 Qb4
55. Kh2 Ne7 56. Bd4 Nf5 57. Bf2 Ne3 58. Bxe3 fxe3 59. Rxe3 Qf4+ 60. Kh1 Qxe3 61.
Qa4 Qc1+ 62. Kh2 Bb8+ 0-1

[Event "4th HD Bank Cup 2014"]
[Site "Ho Chi Minh City VIE"]
[Date "2014.03.11"]
[Round "3.26"]
[White "Tran, Manh Tien"]
[Black "Le, Thi Phuong Lien"]
[Result "1-0"]
[BlackTitle "WFM"]
[WhiteElo "2304"]
[BlackElo "2143"]
[WhiteFideId "12401897"]
[BlackFideId "12400254"]
[EventDate "2014.03.10"]

1. c4 e5 2. Nc3 Nc6 3. Nf3 g6 4. d4 exd4 5. Nxd4 Bg7 6. Nxc6 bxc6 7. g3 Ne7 8.
Bg2 O-O 9. O-O Rb8 10. Qa4 a6 11. Rd1 d6 12. Qc2 c5 13. b3 Bf5 14. Qd2 Qd7 15.
Bb2 Bh3 16. Bh1 Bf5 17. Rac1 Rbd8 18. Ne4 Bxe4 19. Bxe4 Bxb2 20. Qxb2 Qe6 21.
Bg2 Rde8 22. e3 h5 23. b4 Rb8 24. b5 h4 25. a4 h3 26. Bf3 g5 27. Qe2 a5 28. Bg4
f5 29. Bxh3 g4 30. Bg2 Kg7 31. h4 gxh3 32. Bxh3 Rh8 33. Bg2 Qh6 34. Qf3 Ng6 35.
Qc6 Rbc8 36. Qd7+ Kf6 37. b6 Ne5 38. Rxd6+ cxd6 39. Qxd6+ Kg5 40. Qxe5 Qf6 41.
Qf4+ Kg6 42. b7 Rb8 43. Rd1 Rhd8 44. Rxd8 Qxd8 45. Bd5 Qf8 46. Qe5 Rd8 47. e4
fxe4 48. Bxe4+ Kf7 49. Qf5+ Ke8 50. Qxf8+ Kxf8 51. Bf5 Ke7 52. g4 Kd6 53. Be4
Ke5 54. Bd5 Kf4 55. Kg2 Re8 56. Be6 1-0

[Event "4th HD Bank Cup 2014"]
[Site "Ho Chi Minh City VIE"]
[Date "2014.03.11"]
[Round "3.27"]
[White "Nguyen, Hoang Nam"]
[Black "Le, Hoang Tran Chau"]
[Result "1/2-1/2"]
[WhiteTitle "CM"]
[BlackTitle "WFM"]
[WhiteElo "2281"]
[BlackElo "2124"]
[WhiteFideId "12402133"]
[BlackFideId "12401854"]
[EventDate "2014.03.10"]

1. b3 d5 2. Bb2 Bf5 3. e3 e6 4. f4 Nf6 5. Nf3 Nbd7 6. Be2 h6 7. O-O Be7 8. Bd3
Bxd3 9. cxd3 c5 10. Qe2 Qc7 11. Nc3 a6 12. Rac1 b5 13. e4 dxe4 14. Nxe4 O-O 15.
Ne5 Nxe4 16. dxe4 Nxe5 17. Bxe5 Bd6 18. Qf2 Rac8 19. Bc3 e5 20. Qe2 f6 21. a4
Qb6 22. fxe5 Bxe5 23. Bxe5 fxe5 24. Rxf8+ Rxf8 25. axb5 axb5 26. Qe3 Qa5 27. h3
Rc8 28. Rc3 Qb4 29. Rd3 c4 30. Rc3 Rd8 31. bxc4 bxc4 32. Kh2 Rd4 33. Qe2 Kh8 34.
Qg4 Qb7 35. Rg3 Qe7 36. Qe2 Qf7 37. Rf3 Qb7 38. Rf8+ Kh7 39. Qh5 Qd7 40. Qe2 Qc6
41. Qh5 Qd7 42. Qe2 Qc6 43. Qh5 Qd7 44. Qe2 1/2-1/2

[Event "4th HD Bank Cup 2014"]
[Site "Ho Chi Minh City VIE"]
[Date "2014.03.11"]
[Round "3.28"]
[White "Ton, That Nhu Tung"]
[Black "Nguyen, Phuoc Tam"]
[Result "1/2-1/2"]
[WhiteTitle "IM"]
[WhiteElo "2235"]
[BlackElo "2055"]
[WhiteFideId "12401439"]
[BlackFideId "12402109"]
[EventDate "2014.03.10"]

1. d4 d5 2. c4 e6 3. Nc3 Nf6 4. Bg5 Be7 5. e3 O-O 6. Qc2 Nbd7 7. cxd5 exd5 8.
Bd3 Re8 9. Nge2 Nf8 10. O-O c6 11. Rab1 Ne4 12. Bf4 Nxc3 13. Nxc3 h5 14. h3 Bd6
15. Bxd6 Qxd6 16. b4 Ne6 17. b5 h4 18. bxc6 bxc6 19. Na4 Ng5 20. Rfc1 Bd7 21.
Nc5 Bxh3 22. gxh3 Nxh3+ 23. Kg2 Rxe3 24. fxe3 Qg3+ 25. Kf1 Qxe3 26. Qh2 Re8 27.
Rc2 Qf3+ 28. Rf2 Nxf2 29. Qxf2 Qh1+ 30. Qg1 Qf3+ 31. Qf2 Qh1+ 1/2-1/2

[Event "4th HD Bank Cup 2014"]
[Site "Ho Chi Minh City VIE"]
[Date "2014.03.11"]
[Round "3.29"]
[White "Vo, Dai Hoai Duc"]
[Black "Shyam, Sundar M."]
[Result "0-1"]
[BlackTitle "GM"]
[WhiteElo "2187"]
[BlackElo "2507"]
[WhiteFideId "12400033"]
[BlackFideId "5019141"]
[EventDate "2014.03.10"]

1. d4 Nf6 2. c4 g6 3. Nc3 Bg7 4. e4 d6 5. Nf3 O-O 6. Be2 e5 7. Be3 Ng4 8. Bg5 f6
9. Bh4 Nc6 10. dxe5 Ngxe5 11. Nxe5 dxe5 12. Qxd8 Nxd8 13. Nd5 Rf7 14. c5 Be6 15.
O-O Nc6 16. Rfd1 Nd4 17. Bc4 h5 18. f3 c6 19. Ne3 Bh6 20. Rxd4 Bxe3+ 21. Bf2
Bxd4 22. Bxe6 Rd8 23. Rb1 Kf8 24. Bxf7 Kxf7 25. a4 Ke6 26. Bxd4 Rxd4 27. b4 f5
28. exf5+ gxf5 29. Rb2 Kd5 30. Kf2 Kc4 31. Rb1 Rd2+ 32. Kg3 e4 33. fxe4 fxe4 34.
Re1 Kd3 35. h4 e3 36. b5 a6 37. bxc6 bxc6 38. Rb1 Rc2 39. Kf3 Rf2+ 40. Kg3 Rf5
41. Rb7 Kd2 42. Rb2+ Kc3 43. Ra2 a5 44. Ra3+ Kd4 45. Ra2 Kc4 46. Kh3 Kd4 47. g4
Rf3+ 48. Kg2 hxg4 0-1

[Event "4th HD Bank Cup 2014"]
[Site "Ho Chi Minh City VIE"]
[Date "2014.03.11"]
[Round "3.30"]
[White "Ngo, Thi Kim Tuyen"]
[Black "Vijayalakshmi, Subbaraman"]
[Result "0-1"]
[BlackTitle "IM"]
[WhiteElo "2083"]
[BlackElo "2365"]
[WhiteFideId "12400505"]
[BlackFideId "5004098"]
[EventDate "2014.03.10"]

1. d4 Nf6 2. c4 e6 3. Nf3 b6 4. g3 Bb7 5. Bg2 Be7 6. Nc3 O-O 7. O-O Ne4 8. Qc2
Nxc3 9. Qxc3 Be4 10. Bf4 Nc6 11. Rfd1 Bf6 12. Rac1 Bxf3 13. Qxf3 Bxd4 14. Qb3
Qf6 15. Bxc7 Rac8 16. Bf4 Bxb2 17. Rb1 Bd4 18. Qf3 Na5 19. Bd6 Rfd8 20. Qxf6
Bxf6 21. c5 bxc5 22. Rb5 Nc4 23. Rb7 Nxd6 24. Rxd6 c4 25. Be4 c3 26. Bc2 Rb8 27.
Rdxd7 g6 28. Rxd8+ Rxd8 29. Bd3 Bg5 30. f4 Bf6 31. Kf2 Bd4+ 32. e3 Bb6 33. Ke2
Kg7 34. g4 Rd5 35. a4 h6 36. h3 g5 37. fxg5 hxg5 38. Rb8 Kf6 39. Rc8 Ba5 40. Rc4
Rd7 41. Rc5 Bb4 42. Rc4 Rb7 43. Be4 Rb8 44. Rc7 a5 45. Rd7 Rh8 46. Kd3 Rxh3 47.
Rc7 Rh2 48. Kc4 Rh4 49. Bf3 Rh3 50. Bd1 Rxe3 0-1

[Event "4th HD Bank Cup 2014"]
[Site "Ho Chi Minh City VIE"]
[Date "2014.03.11"]
[Round "3.31"]
[White "Doan, Thi Van Anh"]
[Black "Sukandar, Irine Kharisma"]
[Result "0-1"]
[WhiteTitle "WFM"]
[BlackTitle "WGM"]
[WhiteElo "1994"]
[BlackElo "2343"]
[WhiteFideId "12400491"]
[BlackFideId "7101937"]
[EventDate "2014.03.10"]

1. d4 Nf6 2. Nf3 e6 3. Bg5 b6 4. Nbd2 Bb7 5. e3 Be7 6. Bd3 h6 7. Bh4 O-O 8. Qe2
c5 9. c3 Nc6 10. Bc2 d5 11. Rg1 a5 12. g4 Ba6 13. Qd1 cxd4 14. exd4 e5 15. g5
hxg5 16. Bxg5 exd4 17. Nxd4 Nxd4 18. cxd4 Re8 19. Qf3 Rc8 20. O-O-O Qc7 21. Qf5
Ne4 22. Kb1 Qxc2+ 23. Ka1 Nxg5 0-1

[Event "4th HD Bank Cup 2014"]
[Site "Ho Chi Minh City VIE"]
[Date "2014.03.11"]
[Round "3.32"]
[White "Doan, Van Duc"]
[Black "Hoang, Thi Bao Tram"]
[Result "0-1"]
[BlackTitle "WGM"]
[WhiteElo "2124"]
[BlackElo "2269"]
[WhiteFideId "12400335"]
[BlackFideId "12401102"]
[EventDate "2014.03.10"]

1. Nf3 c5 2. c4 Nc6 3. g3 g6 4. Bg2 Bg7 5. Nc3 e5 6. d3 Nge7 7. h4 h6 8. h5 g5
9. Ne4 d5 10. cxd5 Nxd5 11. Nfd2 Bf8 12. Nc4 Be6 13. Ne3 Nb6 14. g4 Nd4 15. Bd2
Be7 16. Ng3 Qd7 17. Be4 O-O-O 18. Nef5 Bf8 19. Ba5 Kb8 20. O-O Nxf5 21. Nxf5 Qb5
22. Bxb6 Qxb6 23. Qc2 f6 24. b3 Rh7 25. Qc3 Rhd7 26. Kg2 Rd4 27. e3 R4d7 28.
Rfd1 Qa6 29. Qc2 Bd5 30. Rac1 Bc6 31. Bxc6 Qxc6+ 32. e4 Qa6 33. Ne3 Rxd3 34.
Rxd3 Rxd3 35. Qc4 Qxc4 36. bxc4 Rd4 37. Kf3 a6 38. Rb1 Ka7 39. Nd5 Rxc4 40. Rb6
Be7 41. Re6 Bd8 42. Rd6 Ba5 43. Rxf6 Rc2 44. a4 Be1 45. Ke3 c4 46. a5 Ra2 47.
Ne7 Bxa5 48. Nd5 c3 49. Rf8 c2 50. Rc8 c1=Q+ 0-1

[Event "4th HD Bank Cup 2014"]
[Site "Ho Chi Minh City VIE"]
[Date "2014.03.11"]
[Round "3.33"]
[White "Nitin, S."]
[Black "Nguyen, Dang Hong Phuc"]
[Result "1-0"]
[WhiteTitle "IM"]
[WhiteElo "2378"]
[BlackElo "1870"]
[WhiteFideId "5018277"]
[BlackFideId "12402761"]
[EventDate "2014.03.10"]

1. e4 e6 2. d4 d5 3. Nc3 dxe4 4. Nxe4 Bd7 5. Nf3 Bc6 6. Bd3 Nd7 7. Qe2 Ngf6 8.
Bd2 Be7 9. O-O-O Nxe4 10. Bxe4 Bxe4 11. Qxe4 c6 12. Kb1 Bf6 13. g4 Qb6 14. g5
Be7 15. h4 O-O-O 16. c4 Qa6 17. Rc1 Bd6 18. c5 Bc7 19. Rc3 Qb5 20. Rhc1 a5 21.
Bf4 Bxf4 22. Qxf4 f6 23. Qe4 Rde8 24. Nd2 e5 25. Rb3 Qa6 26. Nc4 Re6 27. Nb6+
Kc7 28. d5 cxd5 29. Qxd5 Rc6 30. Qxd7+ Kb8 31. Qxg7 Rd8 32. Qe7 Rh8 33. gxf6 1-0